তিনটি সেনা অভ্যূত্থান ও কিছু না বলা কথা / (Record no. 199138)
[ view plain ]
| 000 -LEADER | |
|---|---|
| fixed length control field | 00797nam a22002177a 4500 |
| 003 - CONTROL NUMBER IDENTIFIER | |
| control field | BD-DhUL |
| 005 - DATE AND TIME OF LATEST TRANSACTION | |
| control field | 20170809100125.0 |
| 008 - FIXED-LENGTH DATA ELEMENTS--GENERAL INFORMATION | |
| fixed length control field | 160127s2011 bg ao||| |||| 000 0 ben |
| 020 ## - INTERNATIONAL STANDARD BOOK NUMBER | |
| International Standard Book Number | 9848685502 |
| 040 ## - CATALOGING SOURCE | |
| Original cataloging agency | BD-DhUL |
| Transcribing agency | BD-DhUL |
| 082 ## - DEWEY DECIMAL CLASSIFICATION NUMBER | |
| Classification number | 954.92 |
| Item number | HAT |
| 100 1# - MAIN ENTRY--PERSONAL NAME | |
| Personal name | হামিদ, এম. এ. |
| 245 10 - TITLE STATEMENT | |
| Title | তিনটি সেনা অভ্যূত্থান ও কিছু না বলা কথা / |
| Statement of responsibility, etc. | এম. এ. হামিদ |
| 250 ## - EDITION STATEMENT | |
| Edition statement | ৪র্থ সং. |
| 260 ## - PUBLICATION, DISTRIBUTION, ETC. (IMPRINT) | |
| Place of publication, distribution, etc. | ঢাকা : |
| Name of publisher, distributor, etc. | মিজান, |
| Date of publication, distribution, etc. | ১৯৯৩. |
| 300 ## - PHYSICAL DESCRIPTION | |
| Extent | ২১৫ পৃ. ; |
| Other physical details | চিত্র ; |
| Dimensions | ২২ সেমি. |
| 365 ## - TRADE PRICE | |
| Price type code | টাকা |
| Price amount | ২০০.০০ |
| 651 #0 - SUBJECT ADDED ENTRY--GEOGRAPHIC NAME | |
| Geographic name | Bangladesh |
| Form subdivision | History |
| General subdivision | |
| 651 #0 - SUBJECT ADDED ENTRY--GEOGRAPHIC NAME | |
| Geographic name | বাংলাদেশ |
| General subdivision | ইতিহাস। |
| 942 ## - ADDED ENTRY ELEMENTS (KOHA) | |
| Source of classification or shelving scheme | |
| Koha item type | Books |
| Price effective from | Date last seen | Permanent Location | Not for loan | Date acquired | Source of classification or shelving scheme | Koha item type | Lost status | Withdrawn status | Copy number | Source of acquisition | Collection code | Damaged status | Shelving location | Barcode | Current Location | Full call number |
|---|---|---|---|---|---|---|---|---|---|---|---|---|---|---|---|---|
| 2016-01-27 | 2016-01-27 | Dhaka University Library | Not For Loan | 2011-03-05 | Books | 1 | purchesed | Non Fiction | Liberation War Collection | 457155 | Dhaka University Library | 954.92 HAT | ||||
| 2017-05-18 | 2017-05-18 | Dhaka University Library | Not For Loan | 2017-05-18 | Books | 2 | Gift | Non Fiction | Dr. Aftab Ahmed Collection | 457156 | Dhaka University Library | 954.92 HAT |
